000 00535nam a2200193Ia 4500
005 20250508160123.0
008 008 250505s9999 xx 000 0 eng d
037 _aTextual
040 _aFEDL
_beng
_cFEDL
041 _aeng
_2eng
084 _a301.422, MAG
_qFEDL
100 _aMagoun F. Alexander
_9766915
245 0 _aLove and marriage
260 _aNew York, USA
_bHarper and Brothers Publishers
_c1948
300 _a369p.
650 _aSociology
942 _cTEXL
_h301.422, MAG
999 _c1361888
_d1361888